Estadísticas para 15 principales países con muertes de Covid-19 - 16 de marzo de 2022

Haz click aquí para intentar la prueba.

Estadísticas generales

  • Esta prueba ha sido intentada 5 veces
  • La puntuación promedio es 18 de 26

Estadísticas de respuestas

país% Correcto
Alemania
100%
Argentina
100%
Brasil
100%
Estados Unidos
100%
India
100%
Irán
100%
Italia
100%
México
100%
Rusia
100%
Colombia
80%
Francia
80%
Indonesia
80%
Perú
80%
Reino Unido
80%
Bulgaria
60%
Polonia
60%
Bosnia y Herzegovina
40%
Chequia
40%
Croacia
40%
Eslovaquia
40%
Eslovenia
40%
Hungría
40%
Rumania
40%
Georgia
20%
Lituania
20%
Macedonia del Norte
20%

Distribución de puntuación

Porcentaje por número respondido

Porcentaje de gente con cada puntuación

Historial de tus puntuaciones

No has intentado esta prueba.